[Event "CRO-ch U15"]
[Site "Trogir"]
[Date "2017.06.18"]
[Round "4"]
[White "Rajkovic, Frano"]
[Black "Levacic, Matej"]
[Result "1-0"]
[WhiteElo "1853"]
[BlackElo "1786"]
[PlyCount "73"]
[EventDate "2017.06.17"]
[EventType "swiss"]
[EventRounds "9"]
[EventCountry "CRO"]
[SourceTitle "CBM 179 Extra"]
[Source "ChessBase"]
[SourceDate "2017.08.23"]
[SourceVersion "1"]
[SourceVersionDate "2017.08.23"]
[SourceQuality "1"]

1. d4 Nf6 2. Nf3 e6 3. Bf4 b6 4. e3 Bb7 5. h3 Bd6 6. Bxd6 cxd6 7. Bd3 Nc6 8. c3 d5 9. Nbd2 Qc7 10. e4 dxe4 11. Nxe4 Nxe4 12. Bxe4 Na5 13. Bxb7 Qxb7 14. Qe2 Rc8 15. 0-0 0-0 16. Ng5 Qd5 17. f4 h6 18. Ne4 f5 19. Nd2 Nc6 20. Rfe1 b5 21. Nf3 b4 22. c4 Qd6 23. Qe3 Rfe8 24. Rad1 Qc7 25. b3 Qa5 26. Qd2 d5 27. c5 Qb5 28. Re3 Rc7 29. Rde1 Rce7 30. Qf2 Qb8 31. Qh4 a5 32. g3 Kf7 33. Qh5+ g6 34. Qxh6 Rh8 35. Ng5+ Kf6 36. Rxe6+ Rxe6 37. Rxe6# 1-0

[Event "CRO-ch U15"]
[Site "Trogir"]
[Date "2016.06.24"]
[Round "7"]
[White "Novosel, Marko"]
[Black "Rajkovic, Frano"]
[Result "1-0"]
[WhiteElo "1746"]
[BlackElo "1806"]
[PlyCount "79"]
[EventDate "2016.06.21"]
[EventType "swiss"]
[EventRounds "9"]
[EventCountry "CRO"]
[SourceTitle "EXT 2017"]
[Source "ChessBase"]
[SourceDate "2016.10.25"]
[SourceVersion "1"]
[SourceVersionDate "2016.10.25"]
[SourceQuality "1"]

1. e4 e6 2. d4 d5 3. Nc3 Bb4 4. a3 Bxc3+ 5. bxc3 dxe4 6. Qg4 Nf6 7. Qxg7 Rg8 8. Qh6 Rg6 9. Qe3 c5 10. Ne2 Nc6 11. h3 Qa5 12. dxc5 Ne7 13. Bb2 Ned5 14. Qd2 Qxc5 15. 0-0-0 e3 16. fxe3 Qxe3 17. c4 Qxd2+ 18. Rxd2 Nb6 19. Nf4 Rh6 20. Bd3 Bd7 21. Rh2 Ng4 22. Bg7 Rh4 23. Rh1 Bc6 24. Rf1 Ne3 25. Rff2 Nexc4 26. Bxc4 Nxc4 27. Rde2 Bxg2 28. Bf6 Rxf4 29. Rxf4 Bd5 30. Rh4 Kd7 31. Rxh7 e5 32. h4 Nxa3 33. Rxe5 Be6 34. Rh8 Rxh8 35. Bxh8 Nc4 36. Rg5 Ke7 37. h5 Kf8 38. h6 Bd5 39. h7 Be4 40. Bg7+ 1-0

[Event "CRO-ch U15"]
[Site "Trogir"]
[Date "2016.06.24"]
[Round "6"]
[White "Simunic, Krunoslav"]
[Black "Rajkovic, Frano"]
[Result "1-0"]
[WhiteElo "1764"]
[BlackElo "1806"]
[PlyCount "61"]
[EventDate "2016.06.21"]
[EventType "swiss"]
[EventRounds "9"]
[EventCountry "CRO"]
[SourceTitle "EXT 2017"]
[Source "ChessBase"]
[SourceDate "2016.10.25"]
[SourceVersion "1"]
[SourceVersionDate "2016.10.25"]
[SourceQuality "1"]

1. d4 d5 2. c4 c6 3. Nc3 Nf6 4. Nf3 Bf5 5. cxd5 cxd5 6. Qb3 Qb6 7. Nxd5 Nxd5 8. Qxd5 e6 9. Qb3 Nc6 10. Bd2 Qxb3 11. axb3 Bc2 12. e3 Bxb3 13. Bb5 Bd5 14. 0-0 Bd6 15. Rfe1 Bxf3 16. gxf3 0-0 17. Bxc6 bxc6 18. Ra6 Rfc8 19. Rc1 Be7 20. Raxc6 Rxc6 21. Rxc6 a5 22. Kf1 a4 23. Ke2 a3 24. bxa3 Bxa3 25. e4 Rd8 26. Bc3 Kf8 27. Kd3 Rd7 28. Kc4 Bd6 29. Rxd6 Rxd6 30. Bb4 Ke7 31. e5 1-0

[Event "EU-ch U14 25th"]
[Site "Porec"]
[Date "2015.09.28"]
[Round "7"]
[White "Rajkovic, Frano"]
[Black "Duda, Daniel1"]
[Result "1-0"]
[WhiteElo "1711"]
[BlackElo "1590"]
[PlyCount "85"]
[EventDate "2015.09.21"]
[EventType "swiss"]
[EventRounds "9"]
[EventCountry "CRO"]
[SourceTitle "EXT 2016"]
[Source "ChessBase"]
[SourceDate "2015.10.08"]
[SourceVersion "1"]
[SourceVersionDate "2015.10.08"]
[SourceQuality "1"]

1. d4 d5 2. Nf3 Nf6 3. Bf4 e6 4. e3 c5 5. c3 Nc6 6. Nbd2 Bd6 7. Bg3 0-0 8. Bd3 Qe7 9. Ne5 Bxe5 10. dxe5 Nd7 11. f4 f6 12. exf6 Nxf6 13. 0-0 c4 14. Bc2 Qd8 15. Re1 b5 16. Qf3 e5 17. Bh4 e4 18. Nxe4 dxe4 19. Bxe4 Qb6 20. Bxc6 Bg4 21. Qg3 Qxc6 22. Bxf6 Rxf6 23. Qxg4 Rg6 24. Qh3 Rd8 25. Rad1 Rd3 26. Rxd3 cxd3 27. Rd1 Qd5 28. Rd2 h6 29. Kf2 b4 30. cxb4 Kh7 31. Qf3 Qc4 32. e4 Rd6 33. a3 Rd4 34. Qe3 Kh8 35. g3 Rd7 36. e5 Qe6 37. Rxd3 Rc7 38. Rd8+ Kh7 39. Qe4+ g6 40. Rd6 Qg4 41. e6 Re7 42. Qd5 Qh3 43. Qg2 1-0

[Event "EU Union-ch U14 13th"]
[Site "Mureck"]
[Date "2015.08.08"]
[Round "4"]
[White "Schulze, Lara"]
[Black "Rajkovic, Frano"]
[Result "1-0"]
[WhiteElo "1926"]
[BlackElo "1676"]
[PlyCount "97"]
[EventDate "2015.08.05"]
[EventType "swiss"]
[EventRounds "9"]
[EventCountry "AUT"]
[SourceTitle "EXT 2016"]
[Source "ChessBase"]
[SourceDate "2015.10.08"]
[SourceVersion "1"]
[SourceVersionDate "2015.10.08"]
[SourceQuality "1"]

1. e4 e6 2. d4 d5 3. Nc3 Bb4 4. e5 c5 5. a3 Bxc3+ 6. bxc3 Ne7 7. Qg4 Nf5 8. Bd3 0-0 9. Nf3 Qb6 10. Bd2 Nc6 11. 0-0 cxd4 12. Rfb1 Qc7 13. cxd4 Na5 14. Qh3 Nc4 15. Bc1 g6 16. Bg5 h5 17. Bxf5 exf5 18. Qh4 Kh7 19. Bf4 Qd8 20. Bg5 Qc7 21. Bc1 Qd8 22. Qf4 Rh8 23. Qg3 Rf8 24. Bg5 Qc7 25. Bf6 b6 26. Ng5+ Kg8 27. Qf3 a6 28. Qf4 Bb7 29. Nh3 Kh7 30. Qg5 Rfe8 31. Nf4 Nd2 32. Nxh5 Ne4 33. Qh4 Nxf6 34. Nxf6+ Kg7 35. Qh7+ Kf8 36. Nxe8 Rxe8 37. Qh8+ Ke7 38. Qf6+ Kd7 39. Rxb6 Re6 40. Rxe6 fxe6 41. Qf7+ Kd8 42. Qxe6 Qc3 43. Qd6+ Kc8 44. Qf8+ Kc7 45. Rb1 Qxc2 46. Qe7+ Kc8 47. Qxb7+ Kd8 48. Qxd5+ Kc8 49. Qc5+ 1-0

[Event "Pula-ch"]
[Site "Pula"]
[Date "2015.02.09"]
[Round "8"]
[White "Rajkovic, Frano"]
[Black "Desnica, Jovan"]
[Result "1/2-1/2"]
[WhiteElo "1594"]
[BlackElo "1771"]
[PlyCount "124"]
[EventDate "2015.01.15"]
[EventType "swiss"]
[EventRounds "9"]
[EventCountry "CRO"]
[SourceTitle "EXT 2016"]
[Source "ChessBase"]
[SourceDate "2015.10.08"]
[SourceVersion "1"]
[SourceVersionDate "2015.10.08"]
[SourceQuality "1"]

1. d4 e6 2. Nf3 Ne7 3. Bf4 d6 4. e3 h6 5. Bd3 Nd7 6. Nbd2 b6 7. Be4 d5 8. Bd3 c5 9. c3 c4 10. Bc2 b5 11. e4 Bb7 12. Qe2 Nf6 13. e5 Nd7 14. Nh4 g5 15. Qh5 gxh4 16. Nf3 Bg7 17. Nxh4 Nf8 18. g4 Qd7 19. g5 hxg5 20. Qxg5 Rg8 21. Qh5 0-0-0 22. Qxf7 Qe8 23. Qxe8 Rxe8 24. Rg1 Bh6 25. Rxg8 Nxg8 26. Bxh6 Nxh6 27. 0-0-0 Ng4 28. f3 Ne3 29. Rg1 Nxc2 30. Kxc2 Bc6 31. f4 Kd7 32. f5 exf5 33. Nxf5 Ne6 34. Kd2 Rh8 35. h4 Rh5 36. Rf1 a5 37. Ng7 Nxg7 38. Rf7+ Kd8 39. Rxg7 Rxh4 40. Rg6 Kc7 41. Rg7+ Kb6 42. Rg2 b4 43. cxb4 axb4 44. Re2 Rxd4+ 45. Kc2 Kc5 46. e6 Ba4+ 47. b3 cxb3+ 48. axb3 Re4 49. Rxe4 dxe4 50. bxa4 Kd6 51. a5 e3 52. a6 b3+ 53. Kxb3 e2 54. a7 e1Q 55. a8Q Qxe6+ 56. Kc3 Qe3+ 57. Kb2 Qd2+ 58. Kb3 Qd1+ 59. Kb2 Qd4+ 60. Kb3 Qb6+ 61. Kc2 Qc5+ 62. Kb2 Qf2+ 1/2-1/2

[Event "CRO-ch U13"]
[Site "Kastel Stafilic"]
[Date "2014.06.26"]
[Round "8"]
[White "Rajkovic, Frano"]
[Black "Ghersinich, Enrico"]
[Result "0-1"]
[WhiteElo "1612"]
[BlackElo "1646"]
[PlyCount "106"]
[EventDate "2014.06.22"]
[EventType "swiss"]
[EventRounds "9"]
[EventCountry "CRO"]
[SourceTitle "CBM 161 Extra"]
[Source "ChessBase"]
[SourceDate "2014.08.29"]
[SourceVersion "1"]
[SourceVersionDate "2014.08.29"]
[SourceQuality "1"]

1. d4 Nf6 2. Nf3 e6 3. Bf4 c5 4. c3 d5 5. e3 a6 6. Nbd2 Nbd7 7. Bd3 c4 8. Bc2 Nh5 9. Bg3 Nxg3 10. hxg3 h6 11. Ne5 Bd6 12. Qh5 Nxe5 13. dxe5 Bc5 14. Nf3 Rf8 15. Qg4 Qa5 16. 0-0 g6 17. Qh4 h5 18. Qf6 Bd7 19. Ng5 Be7 20. Qf4 Bxg5 21. Qxg5 Qd8 22. Qxd8+ Rxd8 23. Rad1 b5 24. e4 Bc6 25. f3 Ke7 26. exd5 Bxd5 27. Be4 Bxe4 28. fxe4 a5 29. a3 Rc8 30. Rd4 Rc5 31. Rfd1 Rxe5 32. Rd7+ Kf6 33. Rf1+ Kg7 34. Ra7 a4 35. Rb7 Kh6 36. Rf6 Kg5 37. Rf4 f6 38. Rh7 Rd8 39. Rb7 Rd2 40. Rf2 Rxf2 41. Kxf2 Kg4 42. Rb6 g5 43. Rb7 f5 44. exf5 Rxf5+ 45. Kg1 Kxg3 46. Rb6 Rf2 47. Rxb5 Rxg2+ 48. Kf1 Rf2+ 49. Kg1 Rf5 50. Rb4 h4 51. Rxc4 h3 52. Rxa4 h2+ 53. Kh1 Rf1# 0-1

[Event "Pula CC-ch"]
[Site "Pula"]
[Date "2014.01.17"]
[Round "1"]
[White "Mrdjen, David"]
[Black "Rajkovic, Frano"]
[Result "1-0"]
[WhiteElo "1973"]
[BlackElo "1591"]
[PlyCount "80"]
[EventDate "2014.01.17"]
[EventType "swiss"]
[EventRounds "9"]
[EventCountry "CRO"]
[SourceTitle "EXT 2016"]
[Source "ChessBase"]
[SourceDate "2015.10.08"]
[SourceVersion "1"]
[SourceVersionDate "2015.10.08"]
[SourceQuality "1"]

1. e4 e5 2. Nc3 Nf6 3. Bc4 Bc5 4. Nf3 d6 5. h3 Nc6 6. d3 Be6 7. Bxe6 fxe6 8. Na4 Bb6 9. c3 Qd7 10. b4 0-0 11. Nxb6 axb6 12. 0-0 Qf7 13. Qe2 Nh5 14. Ng5 Qg6 15. Qg4 Rae8 16. d4 Nf6 17. Qe2 exd4 18. b5 d3 19. Qe3 Ne5 20. f4 d2 21. Qxd2 Nc4 22. Qd4 d5 23. f5 exf5 24. exf5 Qh5 25. Ne6 Rf7 26. Bg5 h6 27. Bxf6 Rxf6 28. Rae1 Qf7 29. Qxd5 Nd6 30. g4 Rd8 31. Nxc7 Qxd5 32. Nxd5 Rff8 33. a4 Rfe8 34. Nxb6 Rxe1 35. Rxe1 Re8 36. Rxe8+ Nxe8 37. c4 Kf7 38. a5 Nc7 39. Nd5 Nxd5 40. cxd5 Ke7 1-0